000 00731nam a2200217Ii 4500
003 JO-AjNU
008 230605s9999||||xx |||||||||||||| ||und||
017 _a1974/155
040 _aJO-AjNU
_bara
_erda
_cJO-AjNU
041 _aara
050 1 4 _aPJ7750.S5.Z8734 1974
100 3 _aتأليف شلش، محمد جميل,
_eauthor
_938765
245 0 0 _aالحماسة في شعر الشريف الرضي
264 3 1 _aبغداد:وزارة الإعلام،1974
300 _a293ص
336 _atext
_btxt
_2rdacontent
337 _aunmediated
_bn
_2rdamedia
338 _avolume
_bnc
_2rdacarrier
490 0 _aسلسلة الكتب الحديثة (63)
650 4 _a الشعر العربي - العصر العباسي
_938766
999 _aA16314
_c19882
_d19882